Organismic chistology : (Record no. 141124)

MARC details
000 -LEADER
fixed length control field 00710nam a22002057a 4500
005 - DATE AND TIME OF LATEST TRANSACTION
control field 20170615105951.0
010 ## - LCCN (DPL NO)
LC control number ENG-118651
020 ## - INTERNATIONAL STANDARD BOOK NUMBER
International Standard Book Number 9788184655933
Terms of availability 185.00
035 ## - SYSTEM CONTROL NUMBER
System control number EN-102183
037 ## - SOURCE OF ACQUISITION
Source of stock number/acquisition DBAD/PUB
082 ## - DEWEY DECIMAL CLASSIFICATION NUMBER
Classification number 155.418
100 ## - MAIN ENTRY--PERSONAL NAME
Personal name Paul, Santy S.
245 ## - TITLE STATEMENT
Title Organismic chistology :
Statement of responsibility, etc by Santy S. Paul ; foreword by J. Jayakiran Sebastian
Remainder of title deciphering the impasses of contexualities of christ /
260 ## - PUBLICATION, DISTRIBUTION, ETC. (IMPRINT)
Place of publication, distribution, etc Delhi
Name of publisher, distributor, etc ISPCK
Date of publication, distribution, etc 2016
270 ## - ADDRESS
Address 1585, Madrasa Road, Kashmere Gate
City Delhi
Postal code 110006
300 ## - PHYSICAL DESCRIPTION
Extent xxi,143p.
Dimensions 21cm(pbk)
500 ## - GENERAL NOTE
General note includes bibliographical reference and index
700 ## - ADDED ENTRY--PERSONAL NAME
Personal name Sebastian, J. Jayakiran
942 ## - ADDED ENTRY ELEMENTS (KOHA)
Source of classification or shelving scheme Dewey Decimal Classification
Item type English Books
Classification part 155.418
Call number suffix PAU
Holdings
Withdrawn status Lost status Not for loan Collection code Home library Current library Date acquired Source of acquisition Cost, normal purchase price Full call number Barcode Copy number Cost, replacement price Koha item type
    Not For Loan Non-fiction D.B.Act.Division D.B.Act.Division 15/06/2017 DBAD/PUB 185.00 155.418 PAU EN-102183 1 185.00 English Books

© Delhi Public Library
Hit Counter
free hit counter